'L' Entertainment Images II Quiz Stats

 Plays Quiz Updated Apr 20, 2018

Score 0/25 Timer 04:00
5 Plays Today
% Correct
Lisa Simpson
92.9%
Jay Leno
88.4%
Liar Liar
80.4%
Matt LeBlanc
78.6%
The Lion King
78.2%
Lucy Liu
78.1%
The Land Before Time
68.4%
Larry David
62.7%
The Little Mermaid
61.2%
Cyndi Lauper
60.8%
Louie
60.4%
Little Nicky
60.1%
Little Shop of Horrors
60.1%
% Correct
Les Misérables
59.4%
The Legend of Zorro
59%
'Lose Yourself' (Eminem)
49.4%
Shia LaBeouf
45.5%
Leatherheads
42.7%
'Like a Prayer' (Madonna)
37.8%
Legally Blonde
33.1%
'Love Shack' (The B-52's)
30.6%
'Learn to Fly' (Foo Fighters)
23%
Lloyd Lee
18.5%
Lindsay Bluth Fünke
13.1%
'Let Her Cry' (Hootie & the Blowfish)
9.4%

You're not logged in!

Compare scores with friends on all Sporcle quizzes.
OR
Log In

You Might Also Like...

Show Comments

Extras

Top Quizzes Today


Score Distribution

Your Account Isn't Verified!

In order to create a playlist on Sporcle, you need to verify the email address you used during registration. Go to your Sporcle Settings to finish the process.

Report this User

Report this user for behavior that violates our Community Guidelines.

Details: